| 000 | 00726nam a2200217Ia 4500 | ||
|---|---|---|---|
| 005 | 20220316092106.0 | ||
| 008 | 210716s2015 xx 000 0 und d | ||
| 020 | _a9788126557509 | ||
| 040 | _cAIMIT LIBRARY | ||
| 041 | _aeng | ||
| 082 |
_a658.848 _26 _bKOTM |
||
| 100 |
_aKotabe, Masaaki. _923789 |
||
| 245 |
_aInternational marketing / _cBy Masaaki Kotabe and Kristiaan Helsen. |
||
| 250 |
_a6th ed. _bInternational Student Version |
||
| 260 |
_aNew Delhi : _bWiley Dreamtech Pvt Ltd , _c2015. |
||
| 300 |
_aXxiv, 595p. ; _c25.5 cm. |
||
| 650 |
_aPolitical and legal environment _923790 |
||
| 650 |
_aSegmentation and positioning _923791 |
||
| 700 |
_aHelsen, Kristiaan. _923792 |
||
| 942 |
_2ddc _cBK _e6th _k658.848 KOTM |
||
| 999 |
_c209944 _d209944 |
||